书目信息 |
| 题名: |
情感陷阱
|
|
| 作者: | 埃利斯 , 鲍尔斯 著 ;张蕾芳 译 | |
| 分册: | ||
| 出版信息: | 北京 北京联合出版公司 2024.06 |
|
| 页数: | 276页 | |
| 开本: | 21cm | |
| 丛书名: | ||
| 单 册: | ||
| 中图分类: | C913.1 | |
| 科图分类: | ||
| 主题词: | 恋爱心理学--通俗读物 | |
| 电子资源: | ||
| ISBN: | 978-7-5596-7518-7 | |
| 000 | 01097nam0 2200277 450 | |
| 001 | 012987095 | |
| 005 | 20251023091102.12 | |
| 010 | @a978-7-5596-7518-7@dCNY56.00 | |
| 100 | @a20240624d2024 em y0chiy0120 ea | |
| 101 | 1 | @achi@ceng |
| 102 | @aCN@b110000 | |
| 105 | @ay z 000yy | |
| 106 | @ar | |
| 200 | 1 | @a情感陷阱@9qing gan xian jing@e如何摆脱以爱为名的情感操控@dThe secret of overcoming verbal abuse@f(美)阿尔伯特·埃利斯(Albert Ellis),(美)马西娅·格拉德·鲍尔斯(Marcia Grad Powers)著@g张蕾芳译@zeng |
| 210 | @a北京@c北京联合出版公司@d2024.06 | |
| 215 | @a276页@d21cm | |
| 300 | @a好读 | |
| 330 | @a本书作者精准剖析情感操纵者的动机,揭穿情感谎言的套路,帮读者摆脱以爱为名的情感操控,拥有一段健康、成熟和独立的亲密关系。 | |
| 510 | 1 | @aSecret of overcoming verbal abuse@zeng |
| 606 | 0 | @a恋爱心理学@j通俗读物 |
| 690 | @aC913.1@v5 | |
| 701 | 0 | @c(美)@a埃利斯@9ai li si@c(Ellis, Albert)@4著 |
| 701 | 0 | @c(美)@a鲍尔斯@9bao er si@c(Powers, Marcia Grad)@4著 |
| 702 | 0 | @a张蕾芳@9zhang lei fang@4译 |
| 801 | 0 | @aCN@c20250911 |
| 905 | @a河南城建学院图书馆@dC913.1@eA286@ZA286@f1 | |
| 情感陷阱:如何摆脱以爱为名的情感操控=The secret of overcoming verbal abuse/(美)阿尔伯特·埃利斯(Albert Ellis),(美)马西娅·格拉德·鲍尔斯(Marcia Grad Powers)著/张蕾芳译.-北京:北京联合出版公司,2024.06 |
| 276页;21cm |
| 好读 |
| ISBN 978-7-5596-7518-7:CNY56.00 |
| 本书作者精准剖析情感操纵者的动机,揭穿情感谎言的套路,帮读者摆脱以爱为名的情感操控,拥有一段健康、成熟和独立的亲密关系。 |
| ● |
| 相关链接 |
|
|
|
正题名:情感陷阱
索取号:C913.1/A286
 
预约/预借
| 序号 | 登录号 | 条形码 | 馆藏地/架位号 | 状态 | 备注 |
| 1 | 1635855 | 216358554 | 社科库509/509社科库 60排5列1层/ [索取号:C913.1/A286] | 在馆 |